000 00675nam a22001937a 4500
005 20251108174915.0
008 250721s2010 xx 000 0 ara d
082 1 4 _aم/ 920.71565/ ذهب
100 1 _aالذهبي، شمس الدين أبو عبد الله محمد بن أحمد بن عثمان
_eمؤلف
245 1 0 _aتهذيب سير أعلام النبلاء /
264 1 _aالقاهره :
_bمكتبة جزيرة الورد،
_c2010.
300 _a1199ص.
650 1 7 _aالتراجم
650 1 7 _aالاعلام العرب
650 1 7 _aالتاريخ الإسلامي
700 1 _aبخيت، رجب محمود
942 _2ddc
_cREF
999 _c121185
_d121185